A course module for language programs and policies in multilingual societies / Jonna Marie A. Lim, Ph.D. (Record no. 21606)

000 -LEADER
fixed length control field 00605nam a22001697a 4500
020 ## - INTERNATIONAL STANDARD BOOK NUMBER
ISBN 9786210422085
082 ## - DEWEY DECIMAL CLASSIFICATION NUMBER
Classification number 404.2
Item number L7322 2021
100 ## - MAIN ENTRY--AUTHOR NAME
Personal name Lim, Jonna Marie A., author.
245 ## - TITLE STATEMENT
Title A course module for language programs and policies in multilingual societies / Jonna Marie A. Lim, Ph.D.
260 ## - PUBLICATION, DISTRIBUTION, ETC. (IMPRINT)
Place of publication Manila :
Name of publisher Rex Book Store,
Year of publication ©2021.
300 ## - PHYSICAL DESCRIPTION
Number of Pages vi, 92 pages :
Other physical details illustrations ; 26 cm.
500 ## - GENERAL NOTE
General note Includes bibliographical references and index.
650 ## - SUBJECT ADDED ENTRY--TOPICAL TERM
Topical Term Language policy -- Study and teaching.
650 ## - SUBJECT ADDED ENTRY--TOPICAL TERM
Topical Term Multilingual education.
650 ## - SUBJECT ADDED ENTRY--TOPICAL TERM
Topical Term Bilingual education.
942 ## - ADDED ENTRY ELEMENTS (KOHA)
Koha item type Books
Holdings
Source of acquisition Permanent Location Date acquired Koha item type Collection code Accession Number Lost status Shelving location Withdrawn status Current Location Full call number
SchoolCagayan State University - Carig Library2026-01-08BooksLanguages011320 General Collection Cagayan State University - Carig Library404.2 L7322 2021
SchoolCagayan State University - Carig Library2026-01-08BooksLanguages011321 General Collection Cagayan State University - Carig Library404.2 L7322 2021
SchoolCagayan State University - Carig Library2026-01-08BooksLanguages011322 General Collection Cagayan State University - Carig Library404.2 L7322 2021

Cagayan State University University Library, Carig Campus
Tuguegarao City, Cagayan 3500 | www.csucarig.edu.ph

Powered by Koha